| 000 | 00716nam a2200217Ia 4500 | ||
|---|---|---|---|
| 001 | 5060 | ||
| 003 | GE_BSU | ||
| 008 | 181216s||||||||xx |||||||||||||| ||und|| | ||
| 040 | _cGE_BSU | ||
| 080 | _a624(075.8) | ||
| 100 | _aМитропольский,Н.М. Овечкин,А.М. Алешинский,Ю.Н. и др. | ||
| 245 | _aСтроительные конструкции. | ||
| 245 | _bУчебник. | ||
| 245 | _cПод ред. А.М.Овечкина. | ||
| 260 | _aМ. | ||
| 260 | _bТрансжелдориздат. | ||
| 260 | _c1958. | ||
| 300 | _a576 стр. с илл. 27 см. Библиогр. стр. 568-572. | ||
| 653 | _aСтроительные конструкции. | ||
| 942 | _cBK | ||
| 999 |
_c38743 _d38743 |
||